Měnové kurzy a monetární opatření
Analýza vplyvu špecifických administratívnych opatrení monetárnych orgánov na menové kurzy krajín strednej a východnej Európy v rokoch 1991-1999. Použitie klasického Perronovho testu na overenie hypotézy. Ekonometrická metodológia a popis použitých dát. Výsledky testu.
Enregistré dans:
| Auteur principal: | |
|---|---|
| Autres auteurs: | |
| Format: | Chapitre de livre |
| Langue: | tchèque |
| Sujets: | |
| Tags: |
Pas de tags, Soyez le premier à ajouter un tag!
|
MARC
| LEADER | 00000naa a2200000 4500 | ||
|---|---|---|---|
| 001 | r039693 | ||
| 005 | 20231003121612.7 | ||
| 041 | 0 | |a cze | |
| 044 | |a CZ | ||
| 245 | 1 | 0 | |a Měnové kurzy a monetární opatření |c Evžen Kočenda, Juraj Valachy |
| 520 | |a Analýza vplyvu špecifických administratívnych opatrení monetárnych orgánov na menové kurzy krajín strednej a východnej Európy v rokoch 1991-1999. Použitie klasického Perronovho testu na overenie hypotézy. Ekonometrická metodológia a popis použitých dát. Výsledky testu. | ||
| 610 | 2 | 0 | |a kurz menový |
| 610 | 2 | 0 | |a politika menová |
| 610 | 2 | 0 | |a SVE |
| 610 | 2 | 0 | |a transformácia |
| 610 | 2 | 0 | |a kôš menový |
| 610 | 2 | 0 | |a kurz výmenný pevný |
| 610 | 2 | 0 | |a kurz výmenný pohyblivý |
| 610 | 2 | 0 | |a metodológia |
| 610 | 2 | 0 | |a analýza ekonometrická |
| 610 | 2 | 0 | |a modely ekonometrické |
| 610 | 2 | 0 | |a 1991-1999 |
| 100 | 1 | |a Kočenda, Evžen | |
| 700 | 1 | |a Valachy, Juraj | |